000 00376 a2200169 4500
001 68908
020 _a8516043452
040 _cAnchieta - Itaigara
100 _aMachado, Ana Maria
240 1 0 _aCadĂȘ meu travesseiro?
_lpor
245 1 0 _aCadĂȘ meu travesseiro?
300 _a26
362 0 _a2004
440 1 _aSalamandra
650 4 _aLiteratura infantil
942 _cBK
999 _c68908
_d68908